000 00813nam a2200265 a 4500
005 20240910064024.0
008 991125r19961976mx 000 0 spa u
020 _a9681801016
040 _aMX-MxUPN
_bspa
_cMX-MxUPN
041 1 _aspa
_heng
050 4 _aLB1135
_bG728 1976
100 1 _aGrinder, Robert E.,
_948902
_d1929-
240 1 0 _aAdolescence.
_lEspañol
245 1 0 _aAdolescencia
260 _aMéxico, D.F. :
_bLimusa,
_c1976 (Reimpresión, 1996).
300 _a579 páginas :
_bilustraciones, tablas
500 _aTraducción de: Adolescence.
650 4 _aAdolescencia
_91008
650 2 _aPubertad
_914834
650 4 _aPsicología del adolescente
_91013
700 1 _aArboli Gascón, Manuel
_etraducción
_948638
902 _bNoemiAcosta/170423
905 _aLibro
942 _2lcc
_cLIBRO
999 _c209473
_d209473